Εισαγωγή στην αισθητική
Αποθηκεύτηκε σε:
| Κύριος συγγραφέας: | |
|---|---|
| Μορφή: | Βιβλίο |
| Γλώσσα: | Greek |
| Δημοσίευση: |
Αθήνα :
Συμμετρία,
c2008.
|
| Θέματα: | |
| Ετικέτες: |
Προσθήκη ετικέτας
Δεν υπάρχουν, Καταχωρήστε ετικέτα πρώτοι!
|
MARC
| LEADER | 00000cam a2200000 a 4500 | ||
|---|---|---|---|
| 001 | 1/110638 | ||
| 008 | 160422s2008####gr | ||| |||| ||gre|| | ||
| 020 | |a 9789602662847 | ||
| 040 | |a GR-MyUa |b gre |c GR-MyUa |e AACR2 | ||
| 041 | 0 | |a gre | |
| 082 | 7 | |a 111.85 |2 (23) | |
| 100 | 1 | |a Γλυκοφρύδη - Λεοντσίνη, Αθανασία. | |
| 245 | 1 | 0 | |a Εισαγωγή στην αισθητική / |c Αθανασία Γκυκοφρύδη-Λεοντσίνη. |
| 260 | |a Αθήνα : |b Συμμετρία, |c c2008. | ||
| 300 | |a 284 σ. ; |c 24 εκ. | ||
| 504 | |a Βιβλιογραφία: σ. 255-269. Ευρετήριο. | ||
| 650 | 0 | |a Aesthetics |x Philosophy. | |
| 852 | |a INST |b SYROS |c EUDOXUS |e 20160422 |h 111.85 ΓΛΥ |p 005500011652 |q 005500011652 |t EDX |y 0 | ||
| 920 | |a Εύδοξος |b Παραγγελία |y Σύρος-ΤΜΣΠΣ |z 2016-04 | ||
| 970 | |a Κοντού |b Παρασκευή |z 22/04/2016 | ||